[Event "Detroit (MOR/2/19)"]
[Site "?"]
[Date "1994.??.??"]
[Round "?"]
[White "Falkowski, Kenneth"]
[Black "Lerner, S."]
[Result "1-0"]
[WhiteElo "1700"]
[BlackElo "1605"]
[PlyCount "55"]
[EventDate "1994.??.??"]

{2/(19)} 1. d4 Nf6 2. Nc3 d5 3. e4 Nxe4 4. Nxe4 dxe4 5. Bc4 Bf5 6. g4 Bg6 7. h4
h5 8. Be3 Nd7 9. g5 Nb6 10. Bb3 e6 11. Ne2 Nd5 12. c4 Nxe3 13. fxe3 Bb4+ 14.
Nc3 Bd6 15. c5 Bg3+ 16. Kd2 c6 17. Bc2 Qa5 18. Qg1 Bb8 19. Qg2 Qd8 20. Rhf1 Qc7
21. Bxe4 Qg3 22. Bxc6+ bxc6 23. Qxc6+ Kf8 24. Qxa8 Qh2+ 25. Ne2 Kg8 26. c6 Kh7
27. Qb7 Qd6 28. Rac1 1-0

[Event "Eastpointe (EDO/2/5)"]
[Site "?"]
[Date "1994.??.??"]
[Round "?"]
[White "Everett, Morgan"]
[Black "Wisckol, Richard"]
[Result "1-0"]
[WhiteElo "2160"]
[BlackElo "1865"]
[PlyCount "89"]
[EventDate "1994.??.??"]

{2/(5)} 1. e4 c5 2. Nf3 Nc6 3. Nc3 g6 4. Bb5 Bg7 5. O-O e6 6. Bxc6 bxc6 7. d3
Ne7 8. Be3 d6 9. e5 dxe5 10. Bxc5 O-O 11. Re1 Qc7 12. Qe2 f6 13. d4 exd4 14.
Nxd4 e5 15. Qc4+ Kh8 16. Bxe7 Qxe7 17. Nxc6 Qe6 18. Qxe6 Bxe6 19. Rad1 Rf7 20.
Nd8 Re7 21. Nxe6 Rxe6 22. Rd7 Bf8 23. Red1 h5 24. Ne4 Kg8 25. Kf1 a5 26. Rc7 a4
27. Rdd7 Rb8 28. b3 axb3 29. axb3 Ra8 30. Rf7 Raa6 31. Ke2 Rac6 32. c4 Rxc7 33.
Rxc7 Rb6 34. c5 Re6 35. b4 f5 36. Nc3 e4 37. b5 f4 38. b6 Bxc5 39. Rxc5 f3+ 40.
gxf3 exf3+ 41. Kxf3 Rxb6 42. Rc7 Rf6+ 43. Ke3 g5 44. Ne4 Re6 45. Rc5 1-0

[Event "Detroit (MI Op/2/16)"]
[Site "?"]
[Date "1994.??.??"]
[Round "?"]
[White "Everett, Morgan"]
[Black "Ward, Tim"]
[Result "1-0"]
[WhiteElo "2150"]
[BlackElo "1860"]
[PlyCount "101"]
[EventDate "1994.??.??"]

{2/(16)} 1. e4 e6 2. d4 d5 3. Nc3 Nf6 4. Bg5 Bb4 5. e5 h6 6. Bd2 Bxc3 7. bxc3
Ne4 8. Qg4 g6 9. Bd3 Nxd2 10. Kxd2 c5 11. Nf3 Nc6 12. Rae1 Qa5 13. dxc5 Qxc5
14. Nd4 Bd7 15. Rb1 Rc8 16. Nb5 Kf8 17. Qf4 Ne7 18. Nd6 Qxc3+ 19. Ke2 Nf5 20.
Nxc8 Bxc8 21. Bxf5 gxf5 22. Qb4+ Qxb4 23. Rxb4 Ke7 24. c4 Rd8 25. Rd1 f6 26.
cxd5 exd5 27. exf6+ Kxf6 28. Rc1 d4 29. Kd3 Be6 30. Rxb7 Bxa2 31. Rxa7 Bd5 32.
f4 Be4+ 33. Kd2 Rb8 34. Ra6+ Kg7 35. Rc7+ Kg8 36. Rd6 Rb2+ 37. Ke1 Rb1+ 38. Kf2
Rb2+ 39. Kg3 Rxg2+ 40. Kh3 Rg7 41. Rxg7+ Kxg7 42. Rxd4 Kg6 43. Kh4 Bf3 44. Rd6+
Kg7 45. Kg3 Be4 46. Kf2 h5 47. h4 Kh7 48. Ke3 Bg2 49. Kd4 Kg7 50. Ke5 Bh3 51.
Rf6 1-0

[Event "Warren (Warmup"]
[Site "?"]
[Date "1994.??.??"]
[Round "?"]
[White "Everett, Morgan"]
[Black "Walker, Douglas"]
[Result "1-0"]
[WhiteElo "2150"]
[BlackElo "1875"]
[PlyCount "55"]
[EventDate "1994.??.??"]

1. e4 e6 2. d4 d5 3. Nc3 Bb4 4. e5 c5 5. a3 cxd4 6. axb4 dxc3 7. Qg4 g6 8. Nf3
Qc7 9. Bd3 Nc6 10. Qf4 cxb2 11. Bxb2 f5 12. O-O Nf6 13. b5 Nd8 14. Qa4 Nd7 15.
Ba3 Nf7 16. Rfe1 Nb6 17. Qa5 Bd7 18. Rac1 Rc8 19. Qb4 Bc6 20. bxc6 bxc6 21. Qa5
Nd7 22. Qxc7 Rxc7 23. c4 Rb7 24. cxd5 cxd5 25. Rc8+ Nd8 26. Ng5 Rb6 27. Bd6
Rxd6 28. exd6 1-0

[Event "Warren (Warmup"]
[Site "?"]
[Date "1994.??.??"]
[Round "?"]
[White "Everett, Morgan"]
[Black "Tsemekhman, Vadim"]
[Result "0-1"]
[WhiteElo "2150"]
[BlackElo "2470"]
[PlyCount "68"]
[EventDate "1994.??.??"]

1. e4 e6 2. d4 d5 3. Nc3 Nf6 4. Bg5 Be7 5. e5 Nfd7 6. Bxe7 Qxe7 7. Nf3 O-O 8.
Bd3 c5 9. dxc5 Nc6 10. O-O Nxc5 11. Re1 Bd7 12. Qd2 f6 13. Bf1 Kh8 14. exf6
Qxf6 15. Qg5 Qxg5 16. Nxg5 h6 17. Nf3 Rxf3 18. gxf3 Nd4 19. Rec1 Nxf3+ 20. Kg2
Rf8 21. Bd3 Bc6 22. b4 Nxd3 23. cxd3 d4 24. Ne4 Ne5 25. Rxc6 Nxc6 26. a3 b6 27.
Nd6 Ne5 28. Rd1 a6 29. h3 Kg8 30. a4 g5 31. a5 bxa5 32. bxa5 Rb8 33. Re1 Nxd3
34. Rxe6 Nf4+ 0-1

[Event "Detroit (MCO/Ch/1a/3)"]
[Site "?"]
[Date "1994.??.??"]
[Round "?"]
[White "Everett, Morgan"]
[Black "Tsemekhman, Vadim"]
[Result "0-1"]
[WhiteElo "2150"]
[BlackElo "2470"]
[PlyCount "76"]
[EventDate "1994.??.??"]

1. e4 e6 2. d4 d5 3. Nc3 Nf6 4. Bg5 Be7 5. e5 Nfd7 6. Bxe7 Qxe7 7. f4 O-O 8.
Nf3 c5 9. Qd2 Nc6 10. dxc5 Nxc5 11. O-O-O f5 12. exf6 Qxf6 13. g3 b6 14. Bb5
Bb7 15. Rhe1 Rac8 16. Nd4 Nxd4 17. Qxd4 Rc7 18. Qe5 Qxe5 19. Rxe5 Rf6 20. Bf1
Bc6 21. h4 Kf7 22. Bh3 g6 23. Rd4 a5 24. g4 Ke7 25. f5 gxf5 26. gxf5 Kd6 27.
Re1 e5 28. Rd2 d4 29. Nd1 Bd5 30. Kb1 Rg7 31. c3 Ne4 32. Rh2 Rg3 33. cxd4 exd4
34. Bg2 Nd2+ 35. Kc1 Rxg2 36. Rxg2 Bxg2 37. Kxd2 Rxf5 38. Rg1 Bd5 0-1

[Event "Romulus (RVO/5/6)"]
[Site "?"]
[Date "1994.??.??"]
[Round "?"]
[White "Everett, Morgan"]
[Black "Smith, Walt"]
[Result "1/2-1/2"]
[WhiteElo "2150"]
[BlackElo "1925"]
[PlyCount "40"]
[EventDate "1994.??.??"]

{5/(6)} 1. e4 c5 2. Nf3 Nc6 3. Bb5 g6 4. O-O Bg7 5. Re1 Nf6 6. e5 Nd5 7. Nc3
Nc7 8. Bxc6 dxc6 9. d3 O-O 10. Ne4 b6 11. Bf4 Nd5 12. Bg3 Bg4 13. h3 Bf5 14.
Nh4 Bxe4 15. Rxe4 f6 16. Nf3 f5 17. Re2 Nc7 18. c3 Ne6 19. Qb3 Qd5 20. Qxd5
cxd5 1/2-1/2

[Event "Detroit (MEX/3/9)"]
[Site "?"]
[Date "1994.??.??"]
[Round "?"]
[White "Everett, Morgan"]
[Black "Sloan, Thomas"]
[Result "1/2-1/2"]
[WhiteElo "2200"]
[BlackElo "2100"]
[PlyCount "62"]
[EventDate "1994.??.??"]

{3/(9)} 1. e4 c5 2. Nf3 Nc6 3. d4 cxd4 4. Nxd4 Nf6 5. Nc3 e5 6. Ndb5 d6 7. Bg5
a6 8. Na3 b5 9. Nd5 Qa5+ 10. Bd2 Qd8 11. Bg5 Qa5+ 12. Qd2 Qxd2+ 13. Bxd2 Nxd5
14. exd5 Ne7 15. c4 bxc4 16. Bxc4 Bb7 17. O-O Nxd5 18. Rfd1 Nf6 19. Rac1 d5 20.
Bb3 Bd6 21. Bg5 Rd8 22. Bxf6 gxf6 23. Bxd5 Bxd5 24. Rxd5 Bxa3 25. Rxd8+ Kxd8
26. bxa3 Kd7 27. Kf1 Rc8 28. Rb1 Rc3 29. Rb7+ Rc7 30. Rb6 Rc6 31. Rb7+ Rc7
1/2-1/2

[Event "Detroit (MCO/Ch/4/10)"]
[Site "?"]
[Date "1994.??.??"]
[Round "?"]
[White "Everett, Morgan"]
[Black "Robbins, Fred"]
[Result "1-0"]
[WhiteElo "2150"]
[BlackElo "2055"]
[PlyCount "67"]
[EventDate "1994.??.??"]

{4/(10)} 1. e4 Nf6 2. e5 Nd5 3. c4 Nb6 4. c5 Nd5 5. Nc3 Nxc3 6. dxc3 e6 7. Qg4
Nc6 8. Nf3 h5 9. Qg3 g6 10. Bg5 Be7 11. Be3 b6 12. Bb5 Bb7 13. Rd1 a6 14. Ba4
b5 15. Bc2 Rg8 16. Ng5 Bxg5 17. Bxg5 Ne7 18. O-O Bd5 19. Qh4 a5 20. a3 Kf8 21.
Rd2 a4 22. Rfd1 c6 23. Rd4 Ke8 24. Bf6 Ra7 25. Qg5 Rb7 26. R1d2 Ra7 27. h4 Rb7
28. g4 Bf3 29. Bd1 hxg4 30. Bxf3 gxf3 31. R2d3 Ra7 32. Rxf3 Rb7 33. Rg4 Rb8 34.
h5 1-0

[Event "Eastpointe (US Am N/4/2)"]
[Site "?"]
[Date "1994.??.??"]
[Round "?"]
[White "Everett, Morgan"]
[Black "Mankiewicz, Ryan"]
[Result "1/2-1/2"]
[WhiteElo "2160"]
[BlackElo "1770"]
[PlyCount "80"]
[EventDate "1994.??.??"]

{4/(2)} 1. e4 e6 2. d4 d5 3. Nc3 Nf6 4. Bg5 Be7 5. e5 Nfd7 6. Bxe7 Qxe7 7. Nf3
O-O 8. Bd3 c5 9. dxc5 Nxc5 10. O-O Nc6 11. Re1 Nxd3 12. Qxd3 f6 13. Rad1 fxe5
14. Nxe5 Qf6 15. Qg3 Qf4 16. Nd3 Qxg3 17. hxg3 b6 18. Nf4 d4 19. Nb5 e5 20. Nd3
a6 21. Nd6 Rf6 22. Nc4 Be6 23. Ncxe5 Nxe5 24. Rxe5 Rc8 25. Ne1 Rc5 26. Re4 Bf5
27. Rexd4 Bxc2 28. Rc1 Bg6 29. Rxc5 bxc5 30. Rd8+ Rf8 31. Rd6 Rf6 32. Rxf6 gxf6
33. Kf1 Bf7 34. b3 c4 35. b4 c3 36. a3 Bc4+ 37. Kg1 Kf7 38. f3 Ke6 39. Kf2 Kd5
40. Ke3 Bf1 1/2-1/2

[Event "Romulus (RVO/3/4)"]
[Site "?"]
[Date "1994.??.??"]
[Round "?"]
[White "Everett, Morgan"]
[Black "Levadi, David"]
[Result "1-0"]
[WhiteElo "2150"]
[BlackElo "1945"]
[PlyCount "65"]
[EventDate "1994.??.??"]

{3/(4)} 1. e4 Nc6 2. d4 e5 3. Nf3 exd4 4. Nxd4 Nf6 5. Nxc6 bxc6 6. e5 Qe7 7.
Qe2 Nd5 8. c4 Ba6 9. b3 g6 10. Bb2 Bg7 11. Nd2 O-O 12. Qe4 Nb6 13. Bd3 d5 14.
Qe2 Rfe8 15. f4 f6 16. O-O fxe5 17. fxe5 Qc5+ 18. Kh1 dxc4 19. bxc4 Nd7 20. Ne4
Qe7 21. Rae1 Bxe5 22. Bxe5 Qxe5 23. Nf6+ Qxf6 24. Qxe8+ Rxe8 25. Rxe8+ Kf7 26.
Rxf6+ Kxf6 27. Ra8 Nc5 28. Bf1 Ke5 29. Rxa7 Bb7 30. Kg1 Kd4 31. Kf2 Kc3 32. Ke3
Kb4 33. Kd4 1-0

[Event "Detroit (MEX/1/6)"]
[Site "?"]
[Date "1994.??.??"]
[Round "?"]
[White "Everett, Morgan"]
[Black "Kitts, Gary"]
[Result "1/2-1/2"]
[WhiteElo "2200"]
[BlackElo "2060"]
[PlyCount "81"]
[EventDate "1994.??.??"]

{1/(6)} 1. e4 e6 2. d4 d5 3. Nc3 Nf6 4. Bg5 Be7 5. e5 Nfd7 6. Bxe7 Qxe7 7. Nf3
O-O 8. Bd3 a6 9. O-O c5 10. dxc5 Nxc5 11. Re1 Nc6 12. Qd2 b5 13. Bf1 Bb7 14. a3
Rfd8 15. Qf4 Rac8 16. Bd3 Nxd3 17. cxd3 Rd7 18. Ne2 d4 19. Ng3 Na5 20. Nh5 Nb3
21. Qg4 g6 22. Nf6+ Kg7 23. Nxd7 Nxa1 24. Nf6 Nb3 25. Qg5 Rc2 26. Nh5+ Kf8 27.
Qh6+ Ke8 28. Nf6+ Kd8 29. Qxh7 Rxb2 30. Ng5 Ra2 31. Nxf7+ Kc7 32. Qxg6 Qxa3 33.
Ne8+ Kb8 34. h4 Ra1 35. Rxa1 Qxa1+ 36. Kh2 Nd2 37. Ned6 Nf1+ 38. Kh3 Ne3 39.
Kh2 Nf1+ 40. Kh3 Ne3 41. Kh2 1/2-1/2

[Event "Romulus (RVO/1/4)"]
[Site "?"]
[Date "1994.??.??"]
[Round "?"]
[White "Everett, Morgan"]
[Black "Iyer, Krishnan"]
[Result "1-0"]
[WhiteElo "2150"]
[BlackElo "1605"]
[PlyCount "71"]
[EventDate "1994.??.??"]

{1/(4)} 1. e4 c5 2. Nf3 Nc6 3. Nc3 d6 4. d4 cxd4 5. Nxd4 Nf6 6. Be3 a6 7. h3
Qc7 8. g4 e5 9. Nb3 Be6 10. Bg2 h6 11. Qd2 Ne7 12. a4 g5 13. a5 Nc8 14. Ne2 b5
15. O-O Nd7 16. Ng3 Nc5 17. Nxc5 dxc5 18. Nh5 Be7 19. Ng7+ Kf8 20. Nxe6+ fxe6
21. Qc3 b4 22. Qc4 Kf7 23. c3 Rb8 24. Qxa6 bxc3 25. bxc3 Nd6 26. Rfb1 Ra8 27.
Qb6 Qxb6 28. Rxb6 Nc4 29. Rb7 Rxa5 30. Rxa5 Nxa5 31. Ra7 Nc4 32. Bxc5 Re8 33.
Bf1 Nd2 34. Bb5 Nxe4 35. Bxe8+ Kxe8 36. Bxe7 1-0

[Event "Eastpointe (EDO/4/3)"]
[Site "?"]
[Date "1994.??.??"]
[Round "?"]
[White "Everett, Morgan"]
[Black "Gabbara, Faris"]
[Result "1-0"]
[WhiteElo "2160"]
[BlackElo "2140"]
[PlyCount "109"]
[EventDate "1994.??.??"]

{4/(3)} 1. e4 e5 2. d4 exd4 3. c3 d5 4. exd5 Qxd5 5. Nf3 Nc6 6. Be2 Nf6 7. cxd4
Bb4+ 8. Nc3 Ne4 9. Bd2 Bxc3 10. Bxc3 Nxc3 11. bxc3 O-O 12. O-O Re8 13. Nd2 Bf5
14. Bf3 Qa5 15. Qb3 Nxd4 16. cxd4 Qxd2 17. Qxb7 Qxd4 18. Rad1 Bd3 19. Be2 Qe4
20. Qxe4 Bxe4 21. Bc4 Rad8 22. f3 Bc2 23. Rc1 Ba4 24. Rc3 Rd4 25. Rb1 a5 26.
Rb7 Rd2 27. h3 Bd7 28. Rxc7 g6 29. Rd3 Rxd3 30. Bxd3 Be6 31. a4 Rd8 32. Bb5 Ra8
33. h4 Kg7 34. Kf2 Kf6 35. Ke3 Ke5 36. g4 Kd6 37. Rc6+ Kd5 38. Rc7 Kd6 39. Rc6+
Kd5 40. Rb6 Ra7 41. Rb8 f5 42. g5 Kd6 43. Kd4 Bd7 44. Rd8 Rb7 45. Rxd7+ Rxd7
46. Bxd7 Kxd7 47. Kd5 Ke7 48. f4 Kd7 49. Kc5 Kc7 50. Kb5 Kd6 51. Kxa5 Kc5 52.
Ka6 Kc6 53. a5 Kc7 54. Kb5 Kb7 55. a6+ 1-0

[Event "Eastpointe (US Am N/1b/1)"]
[Site "?"]
[Date "1994.??.??"]
[Round "?"]
[White "Everett, Morgan"]
[Black "Foord, Allan"]
[Result "1-0"]
[WhiteElo "2160"]
[BlackElo "1615"]
[PlyCount "101"]
[EventDate "1994.??.??"]

1. d4 Nf6 2. Nf3 g6 3. Nbd2 Bg7 4. e4 d6 5. Bc4 e6 6. O-O O-O 7. Qe2 d5 8. Bb3
dxe4 9. Nxe4 Nxe4 10. Qxe4 Nc6 11. c3 Bd7 12. Bg5 Qe8 13. Rfe1 Rb8 14. Qh4 Na5
15. Be7 Nxb3 16. axb3 a6 17. Bxf8 Qxf8 18. Ne5 Qd8 19. Qxd8+ Rxd8 20. Nxd7 Rxd7
21. g4 Rd5 22. b4 h5 23. f3 hxg4 24. fxg4 g5 25. Ra5 c6 26. Kg2 Kf8 27. Kf3 Ke7
28. Rxd5 cxd5 29. Ra1 Kd6 30. Ra5 Kc6 31. Rc5+ Kd7 32. Ra5 Kc6 33. Ke3 Bf8 34.
h3 Bd6 35. b3 Be7 36. Kd3 Bd6 37. Ra1 Kd7 38. Rh1 Be7 39. Rf1 Ke8 40. c4 Bxb4
41. cxd5 exd5 42. Rf5 Be7 43. Rxd5 f6 44. Ke4 Bf8 45. Kf5 Ke7 46. Kg6 Ke6 47.
Rf5 Be7 48. d5+ Kd6 49. Kf7 Bd8 50. Ke8 Be7 51. Rf1 1-0

[Event "Detroit (MI Op/3/5)"]
[Site "?"]
[Date "1994.??.??"]
[Round "?"]
[White "Everett, Morgan"]
[Black "Fischvogt, Eric"]
[Result "0-1"]
[WhiteElo "2150"]
[BlackElo "2245"]
[PlyCount "104"]
[EventDate "1994.??.??"]

{3/(5)} 1. e4 e6 2. d4 d5 3. Nc3 Bb4 4. e5 Ne7 5. a3 Bxc3+ 6. bxc3 c5 7. Qg4
Nf5 8. Bd3 h5 9. Qd1 cxd4 10. Bxf5 exf5 11. cxd4 Nc6 12. Nf3 Qa5+ 13. Qd2 Be6
14. O-O Qxd2 15. Bxd2 Kd7 16. Rfb1 Rab8 17. a4 b6 18. Ra3 Rhc8 19. Rab3 Nd8 20.
R3b2 Rc4 21. a5 Nc6 22. axb6 Rxb6 23. Rxb6 axb6 24. c3 Kc7 25. h4 Ra4 26. Ne1
Ra2 27. Bg5 Na5 28. Be7 Nc4 29. Nd3 Nd2 30. Rd1 Ne4 31. Bb4 Rc2 32. Rc1 Rd2 33.
c4 Rxd3 34. cxd5+ Kd7 35. dxe6+ fxe6 36. f3 Rxd4 37. Bf8 Ng3 38. Kf2 f4 39. Ke1
Nf5 40. Ra1 Ke8 41. Ra8+ Rd8 42. Rxd8+ Kxd8 43. Bb4 Nxh4 44. Kf2 Nf5 45. Ke2
Kd7 46. Bd2 g5 47. Kf2 Kc6 48. g4 fxg3+ 49. Kg2 Kd5 50. Bxg5 Kxe5 51. Bd8 b5
52. Bc7+ Kd5 0-1

[Event "Detroit (MI Op/5/4)"]
[Site "?"]
[Date "1994.??.??"]
[Round "?"]
[White "Everett, Morgan"]
[Black "Feldman, Steve"]
[Result "0-1"]
[WhiteElo "2150"]
[BlackElo "2295"]
[PlyCount "114"]
[EventDate "1994.??.??"]

{5/(4)} 1. e4 c5 2. Nf3 Nc6 3. d4 cxd4 4. Nxd4 e5 5. Nb5 d6 6. N1c3 a6 7. Na3
b5 8. Nd5 Nf6 9. Bg5 Be7 10. Bxf6 Bxf6 11. g3 O-O 12. Bg2 g6 13. O-O Bg7 14. c3
Ne7 15. Nc2 Nxd5 16. Qxd5 Be6 17. Qd2 Qb6 18. Rfd1 Rfd8 19. Qe3 Qb7 20. Nb4
Rac8 21. Nd5 Bxd5 22. Rxd5 b4 23. cxb4 Qxb4 24. Rd2 Rc4 25. a3 Qb7 26. b3 Rd4
27. Rc2 Rc8 28. Rxc8+ Qxc8 29. Rc1 Qb7 30. Bf3 h5 31. h4 Kh7 32. Qc3 Qb5 33. a4
Qb6 34. Rd1 a5 35. Rxd4 exd4 36. Qc4 Kg8 37. Qb5 Qc5 38. Be2 Qc3 39. Bc4 Qe1+
40. Bf1 Qxe4 41. Qxa5 Kh7 42. Qb5 Qe1 43. Qd5 d3 44. Qxd3 Be5 45. Kg2 Qa5 46.
Qf3 f5 47. Bc4 Qd2 48. Qb7+ Kh6 49. Bg8 Bg7 50. b4 f4 51. a5 fxg3 52. Kxg3 g5
53. Qe4 gxh4+ 54. Qxh4 Qd3+ 55. Kg2 Qg6+ 56. Qg3 Qe4+ 57. Qf3 Qg6+ 0-1

[Event "Detroit (MCO/Ch/5/7)"]
[Site "?"]
[Date "1994.??.??"]
[Round "?"]
[White "Everett, Morgan"]
[Black "Drkulec, Vladimir"]
[Result "1-0"]
[WhiteElo "2150"]
[BlackElo "2225"]
[PlyCount "51"]
[EventDate "1994.??.??"]

{5/(7)} 1. e4 e5 2. Nf3 Nc6 3. d4 exd4 4. Bc4 Bc5 5. c3 dxc3 6. Nxc3 d6 7. O-O
h6 8. b4 Nxb4 9. Qb3 Qd7 10. e5 Nc6 11. Re1 Kf8 12. e6 fxe6 13. Bxe6 Qd8 14.
Bb2 Nd4 15. Nxd4 Bxd4 16. Nd5 Bxb2 17. Qxb2 h5 18. Bxg8 Rxg8 19. Ne7 Qxe7 20.
Rxe7 Kxe7 21. Qe2+ Kf7 22. Re1 Bf5 23. Qe7+ Kg6 24. h4 Rgf8 25. Qg5+ Kh7 26.
Re7 1-0

[Event "Detroit (MI Op/7/13)"]
[Site "?"]
[Date "1994.??.??"]
[Round "?"]
[White "Everett, Morgan"]
[Black "Ball, Ed"]
[Result "1-0"]
[WhiteElo "2150"]
[BlackElo "1955"]
[PlyCount "95"]
[EventDate "1994.??.??"]

{7/(13)} 1. e4 g6 2. d4 d6 3. Nc3 c6 4. Be3 Bg7 5. Qd2 b5 6. d5 b4 7. Nd1 c5 8.
a3 bxa3 9. Rxa3 Nd7 10. Bb5 Ngf6 11. Nc3 O-O 12. Bc6 Rb8 13. Rxa7 Rxb2 14. Nge2
Ne5 15. O-O Nc4 16. Qc1 Nxe3 17. Qxe3 Rxc2 18. Rb1 Ng4 19. Qd3 Rxc3 20. Nxc3
Bd4 21. Ra2 e5 22. Nd1 f5 23. Rb8 fxe4 24. Qxe4 Rf4 25. Qd3 Qf8 26. Rxc8 Qxc8
27. Ra8 Qxa8 28. Bxa8 Nxf2 29. Nxf2 Rxf2 30. Qxd4 cxd4 31. Kxf2 Kf7 32. Kf3 Ke7
33. Bc6 Kd8 34. Ke4 g5 35. Bb5 Kc7 36. Bd3 Kb6 37. Kf5 Kc5 38. Ke6 h5 39. g3 g4
40. Be4 Kc4 41. Kxd6 d3 42. Bxd3+ Kxd3 43. Kxe5 Ke3 44. d6 Kf3 45. d7 Kg2 46.
d8=Q Kxh2 47. Qh4+ Kg2 48. Kf4 1-0

[Event "Eastpointe (US Am N/3/2)"]
[Site "?"]
[Date "1994.??.??"]
[Round "?"]
[White "Everett, Morgan"]
[Black "Andreas, Peter"]
[Result "1-0"]
[WhiteElo "2160"]
[BlackElo "1915"]
[PlyCount "79"]
[EventDate "1994.??.??"]

{3/(2)} 1. e4 e5 2. Nf3 Nc6 3. d4 exd4 4. Bc4 Bc5 5. c3 Qe7 6. O-O Ne5 7. Bb3
Nxf3+ 8. Qxf3 Qf6 9. Qe2 d6 10. cxd4 Bxd4 11. Nc3 c6 12. Be3 Be6 13. Nd5 cxd5
14. Bxd4 Qxd4 15. exd5 O-O-O 16. dxe6 fxe6 17. Qxe6+ Kb8 18. Rfd1 Qf6 19. Rd3
Qxe6 20. Bxe6 Nf6 21. Rad1 Kc7 22. Rc1+ Kb8 23. g3 Rhe8 24. Bh3 Re2 25. Rdc3 a6
26. Rb3 Re7 27. Bf1 Ka7 28. Bd3 h6 29. Rbc3 Nd5 30. Rc4 Nb6 31. Rd4 Nc8 32. Bf5
Nb6 33. a4 Re5 34. Bg4 Rd5 35. Rxd5 Nxd5 36. Be6 Nf6 37. Rc7 g5 38. Rf7 Ne4 39.
Bd5 Nc5 40. b4 $138 1-0

[Event "Grand Rapids (MI Am/1/5)"]
[Site "?"]
[Date "1994.??.??"]
[Round "?"]
[White "Evans Sr., Thomas"]
[Black "Guenther, B."]
[Result "1-0"]
[WhiteElo "1910"]
[BlackElo "1605"]
[PlyCount "89"]
[EventDate "1994.??.??"]

{1/(5)} 1. e4 e5 2. Nf3 Nf6 3. Nxe5 d6 4. Nf3 Nxe4 5. Qe2 Qe7 6. d3 Nf6 7. Nc3
c6 8. Bg5 Nbd7 9. Ne4 Qe6 10. Nd4 Qe5 11. f4 Qa5+ 12. c3 Nxe4 13. Qxe4+ Ne5 14.
fxe5 d5 15. Qe2 h6 16. Bd2 Qb6 17. e6 Be7 18. exf7+ Kxf7 19. O-O-O c5 20. Qf3+
Kg6 21. Nc2 Rf8 22. Qxd5 Be6 23. Qe4+ Bf5 24. Qxe7 Rae8 25. Qh4 Qa6 26. g4 Be6
27. d4 Qxa2 28. Bd3+ Kf7 29. Bh7 Bb3 30. Rhf1+ Ke6 31. Rde1+ Kd5 32. Qh5+ Kc6
33. Qxc5+ Kd7 34. Bf5+ Rxf5 35. Qxf5+ Be6 36. Rxe6 Rxe6 37. Qf7+ Kc6 38. Nb4+
Kb6 39. Nxa2 Rc6 40. Nb4 Rc7 41. Nd5+ Ka5 42. Qxc7+ b6 43. Kc2 Kb5 44. c4+ Ka6
45. Ra1# 1-0

[Event "Grand Rapids (MI Am/5/1)"]
[Site "?"]
[Date "1994.??.??"]
[Round "?"]
[White "Evans Sr., Thomas"]
[Black "Estlick, Laurence"]
[Result "0-1"]
[WhiteElo "1910"]
[BlackElo "1840"]
[PlyCount "82"]
[EventDate "1994.??.??"]

{5/(1)} 1. e4 e6 2. Nf3 d5 3. exd5 exd5 4. d4 Nf6 5. Bd3 Be7 6. O-O O-O 7. h3
Re8 8. c3 h6 9. Be3 Be6 10. Qc1 Ne4 11. Nbd2 Bf5 12. Qc2 Bd6 13. Rfe1 Nd7 14.
Nh2 Ndf6 15. f3 Nxd2 16. Bxf5 Nc4 17. Bf2 Nh5 18. Rxe8+ Qxe8 19. Re1 Qd8 20.
Ng4 Ng3 21. b3 Nxf5 22. Qxf5 Nb6 23. Qh5 Qg5 24. Qxg5 hxg5 25. c4 dxc4 26. bxc4
Nxc4 27. Rc1 b5 28. Ne3 Nxe3 29. Bxe3 f6 30. Kf2 Kf7 31. Ke2 Re8 32. Rc3 Bf4
33. Kd2 Bxe3+ 34. Rxe3 Rxe3 35. Kxe3 Ke6 36. Ke4 f5+ 37. Kd3 Kd5 38. a3 f4 39.
Kc3 a5 40. Kd3 b4 41. axb4 axb4 0-1

[Event "Grand Rapids (MI Am/3/4)"]
[Site "?"]
[Date "1994.??.??"]
[Round "?"]
[White "Evans Sr., Thomas"]
[Black "Anderson, Gale"]
[Result "1-0"]
[WhiteElo "1910"]
[BlackElo "1785"]
[PlyCount "101"]
[EventDate "1994.??.??"]

{3/(4)} 1. e4 c5 2. Nf3 Nc6 3. Nc3 e6 4. Be2 g6 5. d4 cxd4 6. Nxd4 Bg7 7. Ndb5
Be5 8. Nd6+ Bxd6 9. Qxd6 Qe7 10. Nb5 Qxd6 11. Nxd6+ Ke7 12. Nxc8+ Rxc8 13. c3
h6 14. O-O Nf6 15. f3 e5 16. Be3 g5 17. Rad1 d6 18. Rd2 Rc7 19. Rfd1 Ne8 20.
Bb5 b6 21. b4 Rg8 22. Kf2 Rg6 23. g4 Rc8 24. h4 f6 25. h5 Rg7 26. a4 Kd7 27. a5
Kc7 28. axb6+ axb6 29. Ra2 Rb8 30. Rda1 Re7 31. Ra8 Rb7 32. c4 Nd8 33. Ba6 Rb8
34. Rxb8 Kxb8 35. Bxb6 Nc7 36. c5 dxc5 37. Bxc5 Rd7 38. Ba7+ Ka8 39. Bc4 Nc6
40. Bb6+ Kb7 41. Bxc7 Rxc7 42. b5 Nb4 43. Bd5+ Kb6 44. Ra8 Rc2+ 45. Kg3 Kxb5
46. Rf8 Nxd5 47. exd5 e4 48. fxe4 Rc3+ 49. Kf2 Rc2+ 50. Ke3 Rc3+ 51. Kd4 1-0

[Event "Detroit (MOR/6/24)"]
[Site "?"]
[Date "1994.??.??"]
[Round "?"]
[White "Etienne, T."]
[Black "Quander, K."]
[Result "1/2-1/2"]
[WhiteElo "1605"]
[BlackElo "1605"]
[PlyCount "52"]
[EventDate "1994.??.??"]

{6/(24)} 1. d4 Nf6 2. Nf3 d5 3. Bg5 e6 4. Nbd2 Nbd7 5. e3 c5 6. c3 h6 7. Bh4
Bd6 8. Bg3 Qe7 9. Ne5 O-O 10. Bd3 Bc7 11. f4 Nh7 12. Qg4 Nxe5 13. fxe5 f5 14.
Qe2 Bd7 15. h4 c4 16. Bc2 b5 17. a3 a5 18. Kf2 a4 19. Bf4 g5 20. hxg5 hxg5 21.
Bg3 Be8 22. Rh6 Rf7 23. Rah1 Rg7 24. Ke1 Bg6 25. Bf2 Rf8 26. g4 Bd8 1/2-1/2

[Event "Detroit (Class B/5/10)"]
[Site "?"]
[Date "1994.??.??"]
[Round "?"]
[White "Etienne, T."]
[Black "Morrow, Chris"]
[Result "0-1"]
[WhiteElo "1615"]
[BlackElo "1795"]
[PlyCount "80"]
[EventDate "1994.??.??"]

{5/(10)} 1. d4 d5 2. Nf3 Bf5 3. Bg5 Nd7 4. e3 Ngf6 5. Bd3 Bxd3 6. Qxd3 e6 7.
Nbd2 c6 8. c3 Bd6 9. b4 O-O 10. e4 dxe4 11. Nxe4 Be7 12. h4 h6 13. O-O-O b5 14.
Bxf6 Nxf6 15. Nxf6+ Bxf6 16. Ng5 hxg5 17. hxg5 Bxg5+ 18. Kb2 g6 19. Qh3 Kg7 20.
Qh7+ Kf6 21. Rd3 Ke7 22. Rdh3 Bf6 23. Qh6 Rh8 24. Qf4 Rxh3 25. Rxh3 Qd6 26. Qf3
Qd5 27. Qf4 Qd6 28. Qf3 a5 29. a3 axb4 30. axb4 Qd5 31. Qxd5 cxd5 32. f4 Rh8
33. Rxh8 Bxh8 34. Kc2 Kf6 35. Kd3 Kf5 36. Ke3 g5 37. fxg5 Kxg5 38. Kf3 e5 39.
Ke3 exd4+ 40. cxd4 Kg4 0-1

[Event "Detroit (MOR/7/22)"]
[Site "?"]
[Date "1994.??.??"]
[Round "?"]
[White "Etienne, T."]
[Black "McFolley, John"]
[Result "0-1"]
[WhiteElo "1605"]
[BlackElo "1605"]
[PlyCount "62"]
[EventDate "1994.??.??"]

{7/(22)} 1. d4 Nf6 2. Nf3 e6 3. Bg5 b6 4. e3 Bb7 5. Nbd2 Be7 6. Bd3 d5 7. c3
O-O 8. Ne5 Ne4 9. Bxe7 Qxe7 10. O-O Nd7 11. f4 Nxe5 12. fxe5 c5 13. Rf3 f6 14.
Qc2 f5 15. Rh3 Qg5 16. Rf1 c4 17. Be2 Qe7 18. Qd1 b5 19. Rf4 g6 20. Qe1 g5 21.
Nxe4 dxe4 22. Qg3 Kh8 23. Rf1 Rf7 24. Rh6 Rg8 25. Qh3 Bd5 26. g4 f4 27. Rf2 f3
28. Bd1 b4 29. Qf1 bxc3 30. bxc3 Qa3 31. Rd2 Qxc3 0-1

[Event "Detroit (Class B/1/13)"]
[Site "?"]
[Date "1994.??.??"]
[Round "?"]
[White "Etienne, T."]
[Black "Jordan, Willie"]
[Result "0-1"]
[WhiteElo "1615"]
[BlackElo "1705"]
[PlyCount "91"]
[EventDate "1994.??.??"]

{1/(13)} 1. d4 Nf6 2. Nf3 e6 3. Bg5 d5 4. e3 c5 5. c3 Nbd7 6. Bd3 Qc7 7. Nbd2
h6 8. Bxf6 Nxf6 9. Ne5 c4 10. Bc2 Bd6 11. f4 b5 12. O-O Bb7 13. Rf3 g5 14. Rh3
O-O-O 15. a4 b4 16. cxb4 Bxb4 17. Rc1 Kb8 18. b3 c3 19. Nb1 Rc8 20. Bd3 gxf4
21. exf4 Qb6 22. Bc2 Qc7 23. Qf3 h5 24. Qe3 Ng4 25. Nxg4 hxg4 26. Rxh8 Rxh8 27.
Qe5 Rc8 28. Bd3 Ka8 29. g3 Qe7 30. Rc2 f6 31. Qe1 Qd6 32. Qe2 Qb6 33. Qe3 Ba5
34. Bb5 a6 35. Bd7 Qxb3 36. Qc1 Rc7 37. Bxe6 Qb6 38. Bxg4 Qxd4+ 39. Kg2 Qxa4
40. Bf3 d4 41. Bxb7+ Kxb7 42. Qd1 Qxc2+ 43. Qxc2 d3 44. Qb3+ Ka7 45. Qd5 c2 46.
Qxa5 0-1

[Event "Detroit (Class B/2/17)"]
[Site "?"]
[Date "1994.??.??"]
[Round "?"]
[White "Etienne, T."]
[Black "Foord, Allan"]
[Result "0-1"]
[WhiteElo "1615"]
[BlackElo "1680"]
[PlyCount "52"]
[EventDate "1994.??.??"]

{2/(17)} 1. d4 Nf6 2. Nf3 g6 3. Bg5 Bg7 4. Nbd2 d5 5. e3 O-O 6. Be2 Bf5 7. Ne5
Nbd7 8. g4 Be6 9. f4 c5 10. c3 Rc8 11. Qc2 Nxe5 12. f5 cxd4 13. fxe6 dxc3 14.
bxc3 Nfxg4 15. Rc1 fxe6 16. Qb3 Qc7 17. Bf4 Bh6 18. Bxg4 Bxf4 19. Bxe6+ Kg7 20.
exf4 Nd3+ 21. Kd1 Nxc1 22. Kxc1 Qxc3+ 23. Kd1 Qxb3+ 24. Nxb3 Rc4 25. Nd2 Rcxf4
26. Bxd5 Rd8 0-1